<?xml version="1.0" encoding="UTF-8"?>
<marc:record xmlns:marc="http://www.loc.gov/MARC21/slim">
   <marc:leader>00000nam a2200000 a 4500</marc:leader>
   <marc:datafield ind1="1" ind2=" " tag="100">
      <marc:subfield code="a">Schoenwald, Sophie</marc:subfield>
      <marc:subfield code="4">aut</marc:subfield>
      <marc:subfield code="e">Verfasser/-in</marc:subfield>
   </marc:datafield>
   <marc:datafield ind1="0" ind2="0" tag="245">
      <marc:subfield code="a">Barnabas der Wolkenschaufler</marc:subfield>
   </marc:datafield>
   <marc:datafield ind1="0" ind2="0" tag="245">
      <marc:subfield code="c">Sophie Schoenwald</marc:subfield>
   </marc:datafield>
   <marc:datafield ind1=" " ind2="1" tag="264">
      <marc:subfield code="a">Köln</marc:subfield>
      <marc:subfield code="b">Boje</marc:subfield>
      <marc:subfield code="c">2021</marc:subfield>
   </marc:datafield>
   <marc:datafield ind1="1" ind2=" " tag="520">
      <marc:subfield code="a">Statt unter der Erde Tunnel zu graben, sitzt Barnabas Buddel am liebsten draußen auf seiner Schaukel - schließlich möchte der Maulwurf etwas von der Welt sehen. Da kommt das große Ei, das plötzlich auf dem Misthaufen landet, wie gerufen. Ein Straußenei, erkennt Barnabas. Das wurde bestimmt falsch abgeliefert und muss eigentlich nach Afrika. Barnabas will das Ei dort hinbringen, aber alleine schafft er das nie! Vielleicht kann er den griesgrämigen Storch Atticus dazu überreden, ihn in den Süden zu fliegen. Und so beginnt für einen kleinen Maulwurf eine große Reise ...</marc:subfield>
   </marc:datafield>
   <marc:datafield ind1=" " ind2=" " tag="020">
      <marc:subfield code="a">9783414826084</marc:subfield>
      <marc:subfield code="9">9783414826084</marc:subfield>
   </marc:datafield>
   <marc:datafield ind1=" " ind2=" " tag="020">
      <marc:subfield code="a">3414826089</marc:subfield>
      <marc:subfield code="9">3414826089</marc:subfield>
   </marc:datafield>
   <marc:datafield ind1=" " ind2=" " tag="300">
      <marc:subfield code="a">144 Seiten</marc:subfield>
   </marc:datafield>
</marc:record>
